Statistics for Super Bowl Droughts

Click here to take the quiz!

General Stats

  • This quiz has been taken 34 times
  • The average score is 27 of 32

Answer Stats

Last WinLast AppearanceTeam Name% Correct
20232023Kansas City Chiefs
96%
Never (est. 1898)2008Arizona Cardinals
91%
Never (est. 1944)NeverCleveland Browns
91%
Never (est. 1930)NeverDetroit Lions
91%
20212021Los Angeles Rams
91%
20182018New England Patriots
91%
19681968New York Jets
91%
Never (est. 1999)NeverHouston Texans
87%
20202020Tampa Bay Buccaneers
87%
Never (est. 1965)2016Atlanta Falcons
83%
20122012Baltimore Ravens
83%
19852006Chicago Bears
83%
Never (est. 1967)2021Cincinnati Bengals
83%
19951995Dallas Cowboys
83%
20152015Denver Broncos
83%
20102010Green Bay Packers
83%
Never (est. 1959)1994Los Angeles Chargers
83%
19731984Miami Dolphins
83%
Never (est. 1960)1976Minnesota Vikings
83%
20092009New Orleans Saints
83%
20112011New York Giants
83%
20172022Philadelphia Eagles
83%
19942023San Francisco 49ers
83%
20132014Seattle Seahawks
83%
Never (est. 1959)1993Buffalo Bills
78%
Never (est. 1993)2015Carolina Panthers
78%
20062009Indianapolis Colts
78%
Never (est. 1993)NeverJacksonville Jaguars
78%
20082010Pittsburgh Steelers
78%
Never (est. 1959)1999Tennessee Titans
78%
19832002Las Vegas Raiders
74%
19911991Washington Commanders
70%

Score Distribution

Percentile by Number Answered

Percent of People with Each Score

Your Score History

You have not taken this quiz